00526 2200193 4500001002100000005001500021008004100036020002200077035001900099041000700118082001000125090001600135100003700151245005300188260003100241300002900272500001100301650002000312INLIS00000000000056920241224112208241224||||||||| | ||| |||| || |  a978-602-217-044-0 0010-1224000569 aid0 a371.2 a371.2 ALI s0 aProf. Dr. Ali Imron, M.Pd., M.Si00aSupervisi Pembelajaran Tingkat Satuan Pendidikan aJakartabBumi Aksarac2012 axv, 216 hlm; ilus; 20 cm aCet. 2 0aIlmu Pendidikan